Leadership in nursing practice : (Record no. 60318)

MARC details
000 -LEADER
fixed length control field 01158cam a2200361 i 4500
001 - CONTROL NUMBER
control field 20008410
005 - DATE AND TIME OF LATEST TRANSACTION
control field 20260407072600.0
008 - FIXED-LENGTH DATA ELEMENTS--GENERAL INFORMATION
fixed length control field 170919s2019 maua b 001 0 eng
010 ## - LIBRARY OF CONGRESS CONTROL NUMBER
LC control number 2017044948
020 ## - INTERNATIONAL STANDARD BOOK NUMBER
International Standard Book Number 9781284146530
035 ## - SYSTEM CONTROL NUMBER
System control number 20008410
035 ## - SYSTEM CONTROL NUMBER
System control number (DNLM)101713071
040 ## - CATALOGING SOURCE
Original cataloging agency DNLM/DLC
Transcribing agency DLC
Description conventions rda
Modifying agency DLC
042 ## - AUTHENTICATION CODE
Authentication code pcc
050 00 - LIBRARY OF CONGRESS CALL NUMBER
Classification number RT89
Item number .P67 2019
060 10 - NATIONAL LIBRARY OF MEDICINE CALL NUMBER
Classification number WY 105
082 00 - DEWEY DECIMAL CLASSIFICATION NUMBER
Classification number 610.73068
Edition number 23
100 1# - MAIN ENTRY--PERSONAL NAME
Personal name Porter-O'Grady, Timothy,
Relator term author.
245 10 - TITLE STATEMENT
Title Leadership in nursing practice :
Remainder of title changing the landscape of health care /
250 ## - EDITION STATEMENT
Edition statement Third.
260 ## - PUBLICATION, DISTRIBUTION, ETC. (IMPRINT)
Place of publication, distribution, etc Burlington:
Name of publisher, distributor, etc Jones & Barrett Learning
Date of publication, distribution, etc 2019
300 ## - PHYSICAL DESCRIPTION
Extent xxvi, 623 pages :
Other physical details color illustrations ;
Dimensions 23 cm
500 ## - GENERAL NOTE
General note Tim Porter-O'Grady's name appears first in previous edition.
504 ## - BIBLIOGRAPHY, ETC. NOTE
Bibliography, etc Includes bibliographical references and index.
650 12 - SUBJECT ADDED ENTRY--TOPICAL TERM
Topical term or geographic name as entry element Nurse Administrators
650 12 - SUBJECT ADDED ENTRY--TOPICAL TERM
Topical term or geographic name as entry element Leadership
650 22 - SUBJECT ADDED ENTRY--TOPICAL TERM
Topical term or geographic name as entry element Nursing
General subdivision organization & administration
650 22 - SUBJECT ADDED ENTRY--TOPICAL TERM
Topical term or geographic name as entry element Professional Competence
700 1# - ADDED ENTRY--PERSONAL NAME
Personal name Weberg, Daniel Robert,
Relator term author.
700 1# - ADDED ENTRY--PERSONAL NAME
Personal name Mangold, Kara,
Relator term author.
700 1# - ADDED ENTRY--PERSONAL NAME
Personal name Malloch, Kathy,
Relator term author.
942 ## - ADDED ENTRY ELEMENTS (KOHA)
Source of classification or shelving scheme Library of Congress Classification
Item type Book
Holdings
Withdrawn status Lost status Source of classification or shelving scheme Damaged status Not for loan Collection code Home library Current library Shelving location Date acquired Total Checkouts Full call number Barcode Date last seen Copy number Price effective from Koha item type
    Library of Congress Classification   Not For Loan Non-fiction Bishop Okullu Memorial Library (Limuru Campus) Bishop Okullu Memorial Library (Limuru Campus) Processing Center 01/04/2026   RT89 .P67 2019 073271 01/04/2026 1 01/04/2026 Book